000 01159nam0a22002771 4500
001 RU\NLR\A1SV\12073
005 20251203171251.9
035 _a(NLR Aleph) 009697451
090 _a9766923
_c9766923
100 _a19990603d1920 u y0rusy50 ca
101 0 _arus
102 _aRU
200 1 _aЧума рогатого скота
_fПроф. Боль
210 _aКазань
_cГуб. вет. отд. Казан. совдепа
_d1920
215 _a14 с.
_d18 см
327 0 _aДекрет о мерах прекращения и предупреждения чумы рогатого скота в пределах Российской социалистической федеративной советской республики ("Изв. ВЦИК от 18 сент. 1919 г." N 207) (С.10-14)
620 _dКазань
700 1 _4720
_7ca
_8rus
_aБоль
_bК. Г.
_cд-р вет. наук
_f1871-1959
_gКарл Генрихович
_9206897
_3RU\NLR\AUTH\770206949
801 0 _aRU
_bNLR
_c19990603
852 _aNLR
_j17.149.7.163
899 _aНБЛ КГУ
899 _aРГБ
942 _cBOOK
980 _aNB
980 _aA1SV